000 00567nam a2200205Ia 4500
003 GCL
008 140319s9999 xx 000 0 ara d
040 _aGCL /
_cGCL
082 0 4 _aط
_b913.031
_bا ا
100 1 _aاسماعيل عبدالفتاح
245 1 0 _aالاهرامات /
_cاسماعيل عبدالفتاح
300 _a27 ص
490 _aسلسلة رموز مصرية
_v0
650 0 4 _aالاطفال
650 0 4 _aالنيل
650 0 4 _aالاهرام
650 0 4 _aثورة مصر
650 0 4 _aالعلم المصرى
942 _2ddc
_cBK
999 _c51482
_d51482